000 01133nam a22003377a 4500
003 CHAP
005 20220817042440.0
008 971013s1981 r 00010 d
010 _a45043
011 _a46015
035 _a50155
040 _cCHAP
082 _a378.72
_bU58
110 _aUniversidad Nacional Autónoma de México
245 _aPlanes de estudio en el posgrado
260 _aMéxico, D.F. :
_bUNAM,
_c1981
300 _a390 p.
_b: ilus.
590 _aBATCH-UPD
_b10
_c20130110
_lUCH01
_h0012
590 _aBATCH-UPD
_b10
_c20130110
_lUCH01
_h1927
590 _aBATCH-UPD
_b10
_c20130409
_lUCH01
_h1950
590 _aBATCH-UPD
_b10
_c20130410
_lUCH01
_h1252
590 _aBATCH-UPD
_b10
_c20130914
_lUCH01
_h0932
590 _aCONVERSION
_b10
_c20130109
_lUCH01
_h1325
650 1 4 _aCiencia
_xEstudio y enseñanza
_xMéxico.
_923121
650 1 4 _aEducación superior.
901 _aBK
942 _cLIBRO
949 _a378.72 U58
_bBC
_cC
_d33724000513149
_eC
_fc.2
_h59360
_i50155
_si
949 _a378.72 U58
_bBC
_cC
_d33724000513248
_eC
_h59359
_i50155
_si
949 _a378.72 U58
_bBC
_cC
_d33724000513271
_eC
_fc.3
_h59361
_i50155
_si
999 _c45043
_d45043